Guess Random People - Statistics

General Stats
  • This quiz has been taken 24 times
  • The average score is 5 of 10
Answer Stats
Picture Answer % Correct
Einstein
88%
Lenin
69%
Abraham Lincoln
63%
Winston Churchill
63%
Mahatma Gandhi
56%
Julius Caesar
44%
Alexander Hamilton
38%
George Washington
38%
Doraemon
31%
Sardar Vallabhai Patel
19%
No matching quizzes found
Score Distribution
Percent of People with Each Score
Percentile by Number Answered
Your Score History
You have not taken this quiz